[Event "Let's Play Chess!"]
[Site "http://www.queenalice.com/game.php?id=134642"]
[Date "2006.11.29"]
[Round "-"]
[White "BigAlex"]
[Black "savage4731"]
[Result "0-1"]
[WhiteElo "1744"]
[BlackElo "1632"]

1. c4 e6 2. Nf3 d5 3. g3 c5 4. cxd5 exd5 5. Bg2 Nc6 6. O-O Nf6 7. e3 Bg4 8. Qa4
Qc8 9. d4 Bh3 10. Nc3 Bxg2 11. Kxg2 Be7 12. Re1 O-O 13. Bd2 Qg4 14. h3 Qg6 15.
Nh4 Qd3 16. Red1 cxd4 17. exd4 Rad8 18. Be3 Qc4 19. Nf5 Qxa4 20. Nxa4 Rd7 21.
Nxe7+ Rxe7 22. Rac1 Re4 23. Nc5 Re7 24. a3 Ne4 25. Rd3 Nd6 26. g4 Ne4 27. b4
Nxc5 28. dxc5 Rd8 29. Bd4 Nxd4 30. Rcd1 Nb5 31. a4 Nc7 32. b5 b6 33. cxb6 axb6
34. Ra3 d4 35. a5 Nxb5 36. Re3 Rxe3 37. fxe3 d3 38. axb6 Nc3 39. Ra1 d2 40. b7
d1=Q 41. Ra8 Qd2+ 42. Kf3 Qd5+ 0-1

[Event "Challenge"]
[Site "http://www.queenalice.com/game.php?id=134645"]
[Date "2006.11.29"]
[Round "-"]
[White "MadScot"]
[Black "savage4731"]
[Result "1/2-1/2"]
[WhiteElo "1661"]
[BlackElo "1581"]

1. d4 d5 2. c4 e6 3. Nc3 c5 4. e3 Nc6 5. cxd5 exd5 6. Nf3 Nf6 7. Bb5 Be7 8. O-O
O-O 9. Ne5 Nxe5 10. dxe5 Ne8 11. Qxd5 Qxd5 12. Nxd5 Bd8 13. Rd1 Nc7 14. Nxc7
Bxc7 15. f4 a6 16. Be2 b5 17. b3 Bb7 18. Bb2 Rad8 19. Rxd8 Rxd8 20. Rd1 Rxd1+
21. Bxd1 Kf8 22. Kf2 g6 23. g4 Ke7 24. Bf3 Bxf3 25. Kxf3 Ke6 26. e4 Bb8 27. h4
h5 28. gxh5 gxh5 29. f5+ Ke7 30. f6+ Ke6 31. Kf4 c4 32. bxc4 bxc4 33. Bc3 Bc7
34. Bd4 a5 35. a4 Bb8 36. Bc3 1/2-1/2

[Event "Challenge"]
[Site "http://www.queenalice.com/game.php?id=134646"]
[Date "2006.11.29"]
[Round "-"]
[White "davihulse"]
[Black "savage4731"]
[Result "0-1"]
[WhiteElo "1482"]
[BlackElo "1671"]

1. e4 e5 2. Nf3 Nc6 3. Bb5 a6 4. Bxc6 dxc6 5. Nxe5 Bc5 6. Qf3 Nf6 7. g4 Qe7 8.
Nd3 Bb6 9. b4 Bxg4 10. Qg3 Qxe4+ 11. Qe3 Bxe3 12. dxe3 Qxh1+ 13. Kd2 O-O-O 14.
Kc3 Nd5+ 15. Kb3 Be6 16. Kb2 Qxh2 17. e4 Nf4 18. Bxf4 Qh5 19. Nc3 Bc4 20. Ne5
Be6 21. Rg1 f6 22. Nd3 Bc4 23. Rxg7 Bxd3 24. Bxc7 Rd7 25. Rxd7 Kxd7 26. Bb6 Bb5
27. a4 Be2 28. e5 Qxe5 29. b5 cxb5 30. axb5 Bxb5 0-1

[Event "Let's Play Chess!"]
[Site "http://www.queenalice.com/game.php?id=136030"]
[Date "2006.12.2"]
[Round "-"]
[White "MarcosSP41"]
[Black "savage4731"]
[Result "0-1"]
[WhiteElo "1391"]
[BlackElo "1633"]

1. e4 e5 2. Qe2 Nc6 3. Nc3 Nd4 4. Nf3 Nxe2 5. Bxe2 Nf6 6. Nxe5 d6 7. Nf3 Be7 8.
Bb5+ c6 9. Bc4 d5 10. exd5 cxd5 11. Bb5+ Bd7 12. Ne5 O-O 13. O-O Bxb5 14. Nxb5
Bd6 15. Nxd6 Qxd6 16. f4 Qb6+ 17. Rf2 Ne4 18. d4 Nxf2 19. Kxf2 Qxd4+ 20. Kg3 Qd1
21. Nd7 Qe1+ 22. Kh3 Rfe8 23. f5 Re3+ 24. g3 Re2 25. f6 Qf1+ 26. Kh4 Rxh2+ 27.
Kg4 Qh3+ 28. Kf4 Qxd7 29. fxg7 Rf2+ 30. Ke3 Rf1 31. Kd2 Re8 0-1

[Event "Let's Play Chess!"]
[Site "http://www.queenalice.com/game.php?id=136155"]
[Date "2006.12.2"]
[Round "-"]
[White "Nemer"]
[Black "savage4731"]
[Result "0-1"]
[WhiteElo "1781"]
[BlackElo "1601"]

1. e4 e5 2. Nf3 Nc6 3. c3 Nf6 4. Bb5 Bc5 5. d4 exd4 6. cxd4 Bb4+ 7. Bd2 Bxd2+ 8.
Nbxd2 O-O 9. O-O a6 10. Bd3 d5 11. e5 Ng4 12. Bb1 f5 13. h3 Nh6 14. Qe2 Be6 15.
Nb3 f4 16. Nc5 Qe7 17. Nxe6 Qxe6 18. Qd3 Nf5 19. Nh4 Nce7 20. Bc2 Rad8 21. g3 g6
22. Kh2 Nxh4 23. gxh4 f3 24. h5 c5 25. Bb3 c4 26. Qe3 Nf5 27. Qxf3 cxb3 28. axb3
Nxd4 29. Qd1 Nf3+ 30. Kg3 Qxe5+ 31. Kg2 Qh2# 0-1

[Event "Let's Play Chess!"]
[Site "http://www.queenalice.com/game.php?id=136156"]
[Date "2006.12.2"]
[Round "-"]
[White "savage4731"]
[Black "Nemer"]
[Result "1-0"]
[WhiteElo "1691"]
[BlackElo "1749"]

1. e4 e5 2. Nf3 Nc6 3. Bc4 Nf6 4. Ng5 d5 5. exd5 Na5 6. Bb5+ c6 7. dxc6 bxc6 8.
Qf3 Rb8 9. Bxc6+ Nxc6 10. Qxc6+ Bd7 11. Qc3 Bb4 12. Qxe5+ Be6 13. O-O Bd6 14.
Qc3 h6 15. Nxe6 fxe6 16. Qc6+ Kf7 17. Nc3 Rc8 18. Qb7+ Rc7 19. Qb3 Rf8 20. d4
Ng4 21. f4 Qh4 22. h3 Qg3 23. hxg4 Qxg4 24. Be3 Kg8 25. Qb5 Rcf7 26. Qe2 Bxf4
27. Qxg4 Bxe3+ 28. Kh1 Rxf1+ 29. Rxf1 Rxf1+ 30. Kh2 Rf4 31. Qxe6+ Kh7 32. Qxe3
Rh4+ 33. Kg3 Rh5 34. Qe4+ Kh8 35. Qe8+ 1-0

[Event "AUTO-OPEN-532"]
[Site "http://www.queenalice.com/game.php?id=159640"]
[Date "2007.1.27"]
[Round "1"]
[White "Lucasprates"]
[Black "savage4731"]
[Result "0-1"]
[WhiteElo "1705"]
[BlackElo "1735"]

1. e4 e5 2. Nf3 Nc6 3. d4 exd4 4. Nxd4 Bc5 5. Nxc6 Qf6 6. f3 dxc6 7. Nc3 Ne7 8.
Bd2 O-O 9. Qe2 Bd7 10. O-O-O Rfe8 11. e5 Qg6 12. Re1 Be6 13. Rd1 Nd5 14. Qe1 Nb4
15. g3 Qxc2# 0-1

[Event "AUTO-OPEN-532"]
[Site "http://www.queenalice.com/game.php?id=159641"]
[Date "2007.1.27"]
[Round "1"]
[White "savage4731"]
[Black "Lucasprates"]
[Result "1-0"]
[WhiteElo "1718"]
[BlackElo "1740"]

1. e4 e5 2. Nf3 Nc6 3. Bc4 Nf6 4. Ng5 d5 5. exd5 Nxd5 6. Nxf7 Kxf7 7. Qf3+ Ke6
8. Nc3 Ne7 9. d4 g6 10. Bg5 c6 11. Qf6+ Kd7 12. Qxh8 Kd6 13. dxe5+ Ke6 14. O-O-O
Bd7 15. Qf6# 1-0

[Event "AUTO-OPEN-532"]
[Site "http://www.queenalice.com/game.php?id=159668"]
[Date "2007.1.27"]
[Round "1"]
[White "savage4731"]
[Black "Fernandoalves"]
[Result "1-0"]
[WhiteElo "1750"]
[BlackElo "1710"]

1. e4 e5 2. Nf3 f6 3. Nxe5 fxe5 4. Qh5+ g6 5. Qxe5+ Qe7 6. Qxh8 Qg7 7. Qxg7 Bxg7
8. Bc4 Nf6 9. O-O Nc6 10. Nc3 d6 11. d3 Bd7 12. Bg5 O-O-O 13. Nd5 Nd4 14. Nxf6
Nxc2 15. Rac1 Nd4 16. Nxd7 Ne2+ 17. Kh1 Nxc1 18. Bxd8 Bxb2 19. Bg5 Kxd7 20. Bxc1
Bxc1 21. Rxc1 a6 22. Rb1 b5 23. Bxb5+ axb5 24. Rxb5 Kc6 25. a4 h5 26. Kg1 Kd7
27. a5 c6 28. Rb1 c5 29. a6 Ke6 30. a7 Ke5 31. a8=Q Kd4 32. Qd5+ Kc3 33. Qc4+
Kd2 34. Rb2+ Kd1 35. Qc2+ Ke1 36. Qe2# 1-0

[Event "AUTO-OPEN-532"]
[Site "http://www.queenalice.com/game.php?id=159669"]
[Date "2007.1.27"]
[Round "1"]
[White "Fernandoalves"]
[Black "savage4731"]
[Result "0-1"]
[WhiteElo "1719"]
[BlackElo "1775"]

1. d4 d5 2. Bf4 c5 3. Nc3 e6 4. Nb5 Qa5+ 5. Nc3 Nf6 6. a3 Nc6 7. b4 cxb4 8. axb4
Qxb4 9. Qd2 Qb2 10. Ra2 Qb6 11. e3 Bb4 12. Nge2 Ne4 13. Qd3 O-O 14. f3 Nxc3 15.
Nxc3 a5 16. Be2 Re8 17. O-O e5 18. dxe5 Nxe5 19. Nxd5 Qc5 20. Qd4 Qd6 21. Nb6
Qxd4 22. exd4 Nc6 23. Nxa8 Rxe2 24. Nb6 Be6 25. d5 Bc5+ 26. Kh1 Nd4 27. Rxa5 g5
28. Bxg5 Bxb6 29. Raa1 Bxd5 30. Bf6 Ne6 31. Ra8+ Nf8 32. h4 Bc5 33. Rd1 Be6 34.
Rad8 Rxc2 35. Kh2 Bb4 36. Re8 Rd2 37. Rb1 Bd6+ 38. Kg1 Bc5+ 39. Kf1 Rf2+ 40. Ke1
Rxg2 41. Rxb7 Bd5 42. Rbb8 Bxf3 43. Rb5 Bc6 44. Rxc5 Bxe8 45. Rc8 Rg6 46. Bb2
Re6+ 47. Kf2 Ng6 48. h5 Ne5 49. Kg3 Kf8 50. Ba3+ Kg7 51. Bc1 f6 52. Bd2 Bxh5 53.
Kf4 Bg6 54. Rc7+ Bf7 55. Kf5 Rc6 56. Ra7 Rd6 57. Bf4 Rd5 58. Ra3 Ng6+ 59. Ke4
Nxf4 60. Kxf4 Rb5 61. Rg3+ Bg6 62. Re3 Rf5+ 0-1

[Event "AUTO-OPEN-532"]
[Site "http://www.queenalice.com/game.php?id=159670"]
[Date "2007.1.27"]
[Round "1"]
[White "savage4731"]
[Black "Marcell"]
[Result "1-0"]
[WhiteElo "1711"]
[BlackElo "1474"]

1. e4 c5 2. Nc3 Nc6 3. f4 e6 4. Nf3 Nge7 5. Bc4 a6 6. a3 b5 7. Ba2 b4 8. axb4
cxb4 9. Ne2 Ng6 10. O-O Bc5+ 11. d4 Bb6 12. Kh1 O-O 13. f5 Nh4 14. Bg5 Qc7 15.
Bxh4 exf5 16. e5 Bb7 17. Bg3 Qd8 18. Qd3 1-0

[Event "AUTO-OPEN-532"]
[Site "http://www.queenalice.com/game.php?id=159671"]
[Date "2007.1.27"]
[Round "1"]
[White "Marcell"]
[Black "savage4731"]
[Result "0-1"]
[WhiteElo "1481"]
[BlackElo "1704"]

1. c4 e6 2. d4 d5 3. e3 c5 4. Nf3 Nc6 5. Bd3 Nf6 6. O-O Be7 7. Ne5 O-O 8. Nd2
Nxe5 9. dxe5 Nd7 10. f4 d4 11. exd4 cxd4 12. Ne4 Nc5 13. Nxc5 Bxc5 14. a3 a6 15.
b4 Ba7 16. Bxh7+ Kxh7 17. Qh5+ Kg8 18. Rf3 f6 0-1

[Event "Let's Play Chess!"]
[Site "http://www.queenalice.com/game.php?id=186046"]
[Date "2007.3.22"]
[Round "-"]
[White "savage4731"]
[Black "jose50"]
[Result "1-0"]
[WhiteElo "1772"]
[BlackElo "1444"]

1. e4 e5 2. Nf3 d6 3. d4 exd4 4. Qxd4 Nc6 5. Bb5 Bd7 6. Bxc6 Bxc6 7. Nc3 h6 8.
O-O Nf6 9. e5 Nd7 10. exd6 Bxd6 11. Qxg7 Rf8 12. Re1+ Be7 13. Bxh6 Bxf3 14. gxf3
c6 15. Rad1 Qa5 16. Qd4 Rg8+ 17. Kh1 Rd8 18. Qe4 Qc5 19. Be3 Qh5 20. Bb6 axb6
21. Qxe7# 1-0

[Event "AUTO-OPEN-532"]
[Site "http://www.queenalice.com/game.php?id=222582"]
[Date "2007.6.8"]
[Round "2"]
[White "KGrob"]
[Black "savage4731"]
[Result "1-0"]
[WhiteElo "1892"]
[BlackElo "1776"]

1. g4 d5 2. Bg2 Bxg4 3. c4 e6 4. cxd5 exd5 5. Qb3 Nf6 6. Nc3 Nbd7 7. Qxb7 Bd6 8.
Nxd5 Nxd5 9. Qxd5 O-O 10. Qd4 Be6 11. Bxa8 Qxa8 12. Nf3 Nf6 13. Rg1 Re8 14. Qxf6
g6 15. d4 Bf8 16. Qh4 Bd5 17. Ng5 h5 18. Nh3 Bf3 19. Be3 Bh6 20. Bxh6 Kh7 21.
Be3 Bd5 22. Nf4 Qc6 23. Nxh5 gxh5 24. Qxh5+ Qh6 25. Qxh6# 1-0

[Event "AUTO-OPEN-532"]
[Site "http://www.queenalice.com/game.php?id=222583"]
[Date "2007.6.8"]
[Round "2"]
[White "savage4731"]
[Black "KGrob"]
[Result "0-1"]
[WhiteElo "1782"]
[BlackElo "1928"]

1. e4 e5 2. Nf3 f5 3. Nxe5 Qf6 4. d4 d6 5. Nc4 fxe4 6. Be2 c6 7. Nc3 d5 8. Ne3
Bd6 9. Bg4 Nd7 10. Bxd7+ Bxd7 11. Bd2 Ne7 12. Qe2 Qxd4 13. O-O-O O-O 14. f3 exf3
15. gxf3 Qf6 16. Ng4 Qxf3 17. Qxf3 Rxf3 18. Rhg1 Ng6 19. h3 Bf4 20. Bxf4 Rxf4
21. Rde1 Bxg4 22. hxg4 Raf8 23. g5 R4f5 24. Kb1 Nh4 25. Rd1 Nf3 26. Rg3 Nxg5 27.
Rdg1 Rf1+ 0-1

[Event "Mental Kung Foolery"]
[Site "http://www.queenalice.com/game.php?id=243481"]
[Date "2007.7.22"]
[Round "-"]
[White "PapaC"]
[Black "savage4731"]
[Result "1-0"]
[WhiteElo "1934"]
[BlackElo "1789"]

1. d4 d5 2. Nf3 e6 3. e3 c5 4. c3 Nc6 5. Nbd2 Nf6 6. Bd3 Be7 7. O-O O-O 8. Ne5
Bd6 9. f4 c4 10. Bc2 Bc7 11. Rf3 Nxe5 12. fxe5 Ne8 13. Bxh7+ Kxh7 14. Rh3+ Kg8
15. Qh5 1-0

[Event "Challenge"]
[Site "http://www.queenalice.com/game.php?id=243612"]
[Date "2007.7.22"]
[Round "-"]
[White "Mike36bh"]
[Black "savage4731"]
[Result "0-1"]
[WhiteElo "1795"]
[BlackElo "1765"]

1. d4 d5 2. Nc3 e6 3. a3 c5 4. Bf4 cxd4 5. Qxd4 Nf6 6. Nf3 Bd6 7. Bxd6 Qxd6 8.
Nb5 Qd7 9. e3 O-O 10. Ne5 Qd8 11. Bd3 Nc6 12. Nxc6 bxc6 13. Nc3 Re8 14. O-O e5
15. Qc5 Qc7 16. f3 Bb7 17. e4 dxe4 18. fxe4 Qd7 19. h3 Qe6 20. Qf2 c5 21. b3
Red8 22. Bc4 Qe7 23. Rae1 Rd7 24. a4 a6 25. a5 Rad8 26. Rd1 Rxd1 27. Nxd1 Bxe4
28. Bxa6 Bg6 29. Bc4 Ne4 30. Qe3 Nd2 31. Rf2 Nxc4 32. bxc4 Rxd1+ 33. Rf1 Rxf1+
34. Kxf1 Qf6+ 35. Kg1 Qd6 36. c3 Qd1+ 37. Kh2 Qd6 38. Qg5 h6 39. Qg4 e4+ 40. Kg1
Qc7 41. a6 Qa7 42. Qc8+ Kh7 43. Kf2 f5 44. Ke3 Qxa6 45. Qxc5 Qa1 46. Qd4 Qg1+
47. Kf4 Qxd4 48. cxd4 Bf7 49. d5 g6 50. g4 Kg7 51. d6 Be8 52. c5 Kf7 53. gxf5
gxf5 54. h4 Kf6 55. Ke3 Ke5 56. h5 f4+ 57. Ke2 Kd5 0-1

[Event "Challenge"]
[Site "http://www.queenalice.com/game.php?id=243615"]
[Date "2007.7.22"]
[Round "-"]
[White "luizpessoa"]
[Black "savage4731"]
[Result "0-1"]
[WhiteElo "1730"]
[BlackElo "1805"]

1. c4 e6 2. Nf3 d5 3. cxd5 exd5 4. Nc3 Nf6 5. d4 c5 6. Bg5 Be7 7. dxc5 O-O 8. b4
Nc6 9. b5 d4 10. bxc6 dxc3 11. Qxd8 Bxd8 12. Bxf6 Bxf6 13. cxb7 Bxb7 14. Rc1
Bxf3 15. gxf3 Rac8 16. e3 Rxc5 17. Bd3 Rfc8 18. f4 h6 19. O-O c2 20. Rfe1 Bb2
21. Rxc2 Rxc2 22. Bxc2 Rxc2 23. Rb1 Ba3 24. Rb8+ Kh7 25. Rb7 Bc5 26. Rc7 f6 27.
Kg2 Rc3 28. a3 a5 29. a4 Bb4 30. Rxc3 Bxc3 31. Kg3 Kg6 32. Kg4 f5+ 33. Kg3 Kf6
34. Kf3 Ke6 35. Ke2 Kd5 36. Kd3 Bf6 37. f3 Kc5 38. e4 fxe4+ 39. fxe4 Kb4 40. e5
Be7 41. f5 Kxa4 42. Kc4 Bb4 43. f6 gxf6 44. exf6 Ka3 45. f7 a4 46. h3 Be7 47.
Kc3 Bf8 48. h4 Bg7+ 49. Kc2 Kb4 50. Kb1 a3 51. Ka2 Bf8 52. h5 Kc4 53. Ka1 Kd5
0-1

[Event "Challenge"]
[Site "http://www.queenalice.com/game.php?id=243620"]
[Date "2007.7.22"]
[Round "-"]
[White "savage4731"]
[Black "luizpessoa"]
[Result "1-0"]
[WhiteElo "1791"]
[BlackElo "1744"]

1. e4 a6 2. d4 d5 3. exd5 Qxd5 4. Nc3 Qd8 5. Nf3 Bg4 6. Bc4 e6 7. O-O Bd6 8. d5
exd5 9. Re1+ Ne7 10. Nxd5 O-O 11. Bg5 Bxf3 12. Qxf3 h6 13. Nxe7+ Kh7 14. Bd3+
Kh8 15. Ng6+ fxg6 16. Bxd8 Rxf3 17. gxf3 Nc6 18. Bh4 g5 19. Bg3 Bxg3 20. fxg3
Rd8 21. Re6 Nd4 22. Re7 Nxf3+ 23. Kh1 Kg8 24. Rf1 Nd4 25. Rff7 Ne6 26. Rxc7 Nxc7
27. Rxc7 b5 28. Rc6 Ra8 29. b4 a5 30. bxa5 Rxa5 31. Rc8+ Kf7 32. Rb8 Rxa2 33.
Rxb5 Ra4 34. Re5 Kf6 35. Re1 h5 36. c4 Ra3 37. Bf1 Rc3 38. Re8 h4 39. g4 Rc1 40.
Kg2 h3+ 41. Kxh3 g6 42. Kg2 Rc2+ 43. Kg1 Rd2 44. h3 Rd7 45. Re2 Rc7 46. Rc2 Ke5
47. Kg2 Kf4 48. c5 Ke5 49. Bd3 Kd5 50. Kf3 Rxc5 51. Rxc5+ Kxc5 52. Ke4 Kd6 53.
Kd4 Ke6 54. Bxg6 Kf6 55. Bf5 1-0